000 00419nam a2200181Ia 4500
001 3595
005 20260306145655.0
008 260306t1963||||xx |||||||||||||| ||spa||
041 _aESP
082 _a297
_bG84
100 _aGuardini, Romano [1885-1968]
_eAUT
245 0 _aLa cuestión judía
260 _c1963
300 _a88 páginas :
_c20 cm.
650 _aGEN
654 _aCHU
942 _cLIB
_dJUS
_fJUS
_2ddc
_n
999 _c3595
_d3595